Biodiversidad, propiedad intelectual y derecho indígena: (Registro nro. 3415)

Detalles MARC
000 -CABECERA
Campo de control 01091nam a2200253 a 4500
005 - FECHA Y HORA DE LA ULTIMA TRANSACCION
Campo de control 20180803165103.0
008 - ELEMENTOS DE LONGITUD FIJA—INFORMACION GENERAL
Campo de control 140311b1999 nq ||||| |||| 00| 0 spa d
040 ## - FUENTE DE CATALOGACIÓN
Agencia catalogadora original CO-BoIAVH
Agencia transcriptora CO-BoIAVH
041 ## - IDIOMA
Código de idioma para texto/pista de sonido o título separado Español
044 ## - PAÍS DE PUBLICACIÓN
País de publicación Nicaragua
082 04 - NUMERO DE CLASIFICACION DECIMAL DEWEY
Número de clasificación 346.04
Número del ítem B61b
090 ## - CLASIFICACIÓN LOCAL
Colección LB
Consecutivo 03180
111 1# - ASIENTO PRINCIPAL--NOMBRE DE REUNION
Nombre de reunión o de jurisdicción como elemento de entrada Primer Seminario Internacional Biodiversidad, Propiedad Intelectual y Derecho Indígena
Lugar de la reunión Siuna (Nicaragua)
Fecha de la reunión enero 20-24, 1999
Número de la parte/sección/reunión 1
245 10 - MENCION DE TITULO
Título Biodiversidad, propiedad intelectual y derecho indígena:
Parte restante del título memoria del primer seminario internacional
260 ## - PUBLICACION, DISTRIBUCION, ETC. (PIE DE IMPRENTA)
Lugar de publicación, distribución, etc. Managua:
Nombre del editor, distribuidor, etc. Universidad de las Regiones Autónomas de la Costa Caribe Nicaragüense,
-- Instituto de Recursos Naturales, Medio Ambiente y Desarrollo Sostenible,
Fecha de publicación, distribución, etc. 1999.
300 ## - DESCRIPCION FISICA
Extensión 323 p.
Dimensiones 28 cm.
590 ## - NOTA LOCAL
Nota local Desprendidas páginas desde la 1 hasta la 28. Para reparación.
650 #4 - ASIENTO SECUNDARIO DE MATERIA - TERMINO TEMATICO
Término temático o nombre geográfico como elemento de entrada Comunidades indígenas
650 #4 - ASIENTO SECUNDARIO DE MATERIA - TERMINO TEMATICO
Término temático o nombre geográfico como elemento de entrada Propiedad intelectual
650 #4 - ASIENTO SECUNDARIO DE MATERIA - TERMINO TEMATICO
Término temático o nombre geográfico como elemento de entrada Conocimiento tradicional
650 #4 - ASIENTO SECUNDARIO DE MATERIA - TERMINO TEMATICO
Término temático o nombre geográfico como elemento de entrada Legislación ambiental
700 1# - ASIENTO SECUNDARIO - NOMBRE PERSONAL
Nombre personal Möller Arce, Verónica
942 ## - ELEMENTOS ADICIONALES (KOHA)
Tipo de ítem Libro
Sistema de clasificación Dewey Decimal Classification
Koha issues (borrowed), all copies 1
Existencias
Withdrawn status Lost status Sistema de Clasificación Damaged status No para préstamo Colección Inventariado Ubicación Permanente Ubicación actual Fecha de adquisición Fuente de Valor Valor Total Checkouts Número topográfico Inventario / Código de Barras Date last seen Date checked out Ejemplar Price effective from Forma de adquisición Tipo de material
    Dewey Decimal Classification Dañado   General Inventariado 2017 Bogotá Bogotá 30/05/2003 Biocomercio 39000.00 1 LB-346.04 B61b 005412 11/03/2015 10/03/2015 Ej. 1 04/12/2012   Libro